| 000 | 01100nam a22003617a 4500 | ||
|---|---|---|---|
| 001 | 0074 | ||
| 003 | DO-SdBNP | ||
| 005 | 20171201144334.0 | ||
| 007 | 0074 | ||
| 008 | 151105b sp 1992 xxu||||| |||| 00| 0 spa d | ||
| 020 | _a9788420744810 | ||
| 040 |
_aBPMSU _bspa _cBPMSU |
||
| 041 | 1 | 7 |
_aspa _h |
| 082 | 4 |
_a843.8 _bV513e |
|
| 100 | 1 | 0 |
_aVerne, Julio, _d1828-1905 |
| 240 | 1 | 3 |
_aLe sphinx des glaces _lEspañol |
| 245 | 1 | 3 |
_aLa esfinge de los hielos / _cJulio Verne ; traducción Javier Torrente ; ilustración George Roux |
| 260 |
_aMadrid, España : _bAnaya, _c1992. |
||
| 300 |
_a379 p. : _bil., _c20 cm. |
||
| 490 | 1 | 0 | _aTus libros |
| 490 | 1 | 0 | _aMarineros |
| 504 | _aIncluye referencias bibliográficas y notas al pie de las páginas | ||
| 504 | _aBibliografía : p. 277-279 | ||
| 650 | 4 | _aNOVELA JUVENIL FRANCESA | |
| 650 | 4 | _aLITERATURA JUVENIL FRANCESA | |
| 700 | 1 | 0 |
_aTorrento, Javier, _etr. |
| 700 | 1 | 0 |
_aRoux, George, _eil. |
| 830 | 0 | 0 | _aTus libros |
| 830 | 0 | 0 | _aMarineros |
| 942 |
_2ddc _cBK |
||
| 945 | _a Inventariado extranjero / 2017 VM | ||
| 956 | _aBrenda Tavárez | ||
| 999 |
_c8569 _d8569 |
||